<?xml version="1.0" encoding="UTF-8"?>
<record
    xmlns:xsi="http://www.w3.org/2001/XMLSchema-instance"
    xsi:schemaLocation="http://www.loc.gov/MARC21/slim http://www.loc.gov/standards/marcxml/schema/MARC21slim.xsd"
    xmlns="http://www.loc.gov/MARC21/slim">

  <leader>01714nam a2200217Ia 4500</leader>
  <datafield tag="952" ind1=" " ind2=" ">
    <subfield code="0">0</subfield>
    <subfield code="1">0</subfield>
    <subfield code="2">lcc</subfield>
    <subfield code="4">0</subfield>
    <subfield code="7">0</subfield>
    <subfield code="a">04</subfield>
    <subfield code="b">04</subfield>
    <subfield code="d">2013-05-22</subfield>
    <subfield code="l">63</subfield>
    <subfield code="m">6</subfield>
    <subfield code="o">C KGF3784 A44 2013</subfield>
    <subfield code="p">04 002564</subfield>
    <subfield code="r">2018-11-22</subfield>
    <subfield code="s">2018-11-22</subfield>
    <subfield code="t">1</subfield>
    <subfield code="w">2013-05-22</subfield>
    <subfield code="y">LB</subfield>
  </datafield>
  <datafield tag="952" ind1=" " ind2=" ">
    <subfield code="0">0</subfield>
    <subfield code="1">0</subfield>
    <subfield code="2">lcc</subfield>
    <subfield code="4">0</subfield>
    <subfield code="7">0</subfield>
    <subfield code="a">04</subfield>
    <subfield code="b">04</subfield>
    <subfield code="d">2013-10-16</subfield>
    <subfield code="l">62</subfield>
    <subfield code="m">6</subfield>
    <subfield code="o">C KGF3784 A44 2013</subfield>
    <subfield code="p">04 004305</subfield>
    <subfield code="r">2018-11-22</subfield>
    <subfield code="s">2018-11-22</subfield>
    <subfield code="t">2</subfield>
    <subfield code="w">2013-10-16</subfield>
    <subfield code="y">LB</subfield>
  </datafield>
  <datafield tag="952" ind1=" " ind2=" ">
    <subfield code="0">0</subfield>
    <subfield code="1">0</subfield>
    <subfield code="2">lcc</subfield>
    <subfield code="4">0</subfield>
    <subfield code="7">0</subfield>
    <subfield code="a">13</subfield>
    <subfield code="b">13</subfield>
    <subfield code="d">2016-11-23</subfield>
    <subfield code="l">1</subfield>
    <subfield code="o">CKGF3784 A44 2013</subfield>
    <subfield code="p">13 004455</subfield>
    <subfield code="r">2019-10-14</subfield>
    <subfield code="s">2019-10-14</subfield>
    <subfield code="t">1</subfield>
    <subfield code="w">2016-11-23</subfield>
    <subfield code="y">LB</subfield>
  </datafield>
  <datafield tag="952" ind1=" " ind2=" ">
    <subfield code="0">0</subfield>
    <subfield code="1">0</subfield>
    <subfield code="2">lcc</subfield>
    <subfield code="4">0</subfield>
    <subfield code="7">0</subfield>
    <subfield code="a">13</subfield>
    <subfield code="b">13</subfield>
    <subfield code="d">2016-11-23</subfield>
    <subfield code="l">1</subfield>
    <subfield code="o">CKGF3784 A44 2013</subfield>
    <subfield code="p">13 004456</subfield>
    <subfield code="r">2018-08-03</subfield>
    <subfield code="s">2018-08-01</subfield>
    <subfield code="t">2</subfield>
    <subfield code="w">2016-11-23</subfield>
    <subfield code="y">LB</subfield>
  </datafield>
  <datafield tag="999" ind1=" " ind2=" ">
    <subfield code="c">62506</subfield>
    <subfield code="d">62506</subfield>
  </datafield>
  <controlfield tag="008">120625s2013    mx       l    001 0 spa d</controlfield>
  <datafield tag="020" ind1=" " ind2=" ">
    <subfield code="a">9786074064346</subfield>
  </datafield>
  <datafield tag="050" ind1=" " ind2="4">
    <subfield code="a">C KGF3784</subfield>
    <subfield code="b">A44 2013 </subfield>
  </datafield>
  <datafield tag="110" ind1="1" ind2=" ">
    <subfield code="a">M&#xE9;xico. Leyes, etc. </subfield>
  </datafield>
  <datafield tag="245" ind1="1" ind2="0">
    <subfield code="a">Agenda Agraria 2013 </subfield>
    <subfield code="b"> : compendio de leyes, reglamentos y otras disposiciones conexas sobre la materia </subfield>
  </datafield>
  <datafield tag="250" ind1=" " ind2=" ">
    <subfield code="a">18a. edici&#xF3;n </subfield>
  </datafield>
  <datafield tag="260" ind1=" " ind2=" ">
    <subfield code="a">M&#xE9;xico</subfield>
    <subfield code="b"> : ISEF </subfield>
    <subfield code="c"> , 2013</subfield>
  </datafield>
  <datafield tag="300" ind1=" " ind2=" ">
    <subfield code="a">[paginaci&#xF3;n varia] </subfield>
    <subfield code="c"> ; 20 cm. </subfield>
  </datafield>
  <datafield tag="500" ind1=" " ind2=" ">
    <subfield code="a">1a. edici&#xF3;n 2000</subfield>
  </datafield>
  <datafield tag="505" ind1="0" ind2=" ">
    <subfield code="a">Ley Agraria 
Reglamento de la Ley Agraria en Materia de Certificaci&#xF3;n de Derechos Ejidales y T&#xED;tulaci&#xF3;n de Solares 
Reglamento de la Ley Agraria en Materia de Ordenamiento de la Propiedad Rural 
Ley Org&#xE1;nica de los Tribunales Agrarios 
Reglamento Interior de los Tribunales Agrarios 
Reglamento Interior de la Secretar&#xED;a de la Reforma Agraria 
Reglamento Interior de la Secretar&#xED;a de Agricultura, Ganader&#xED;a, Desarrollo Rural, Pesca y Alimentaci&#xF3;n 
Reglamento Interior del Registro Agrario Nacional 
Estatuto Org&#xE1;nico de la Comisi&#xF3;n para la Regularizaci&#xF3;n de la Tenencia de Tierra 
Estatuto del Servicio Profesional Agrario de Carrera en la Procuradur&#xED;a Agraria 
Art&#xED;culo 27&#xB0; Constitucional 
Ley de Protecci&#xF3;n y Desarrollo de los Bioenerg&#xE9;ticos 
Ley General de Desarrollo Forestal Sustentable 
Reglamento de la Ley General de Desarrollo Forestal Sustentable 
Ley de Aguas Nacionales 
Reglamento de la Ley de Aguas Nacionales </subfield>
  </datafield>
  <datafield tag="519" ind1=" " ind2=" ">
    <subfield code="a">Material complementario / </subfield>
    <subfield code="d">(13 004455 ; 13 004456)</subfield>
  </datafield>
  <datafield tag="519" ind1=" " ind2=" ">
    <subfield code="a">Material Complementario / </subfield>
    <subfield code="d">(04 002564) </subfield>
  </datafield>
  <datafield tag="519" ind1=" " ind2=" ">
    <subfield code="a">Material Complementario / </subfield>
    <subfield code="d">(04  004305) </subfield>
  </datafield>
  <datafield tag="650" ind1=" " ind2="4">
    <subfield code="a">DERECHO AGRARIO</subfield>
    <subfield code="v">LEYES Y LEGISLACI&#xD3;N </subfield>
    <subfield code="z">M&#xC9;XICO</subfield>
  </datafield>
  <datafield tag="942" ind1=" " ind2=" ">
    <subfield code="c">LB</subfield>
  </datafield>
</record>
